00858nam a22002417a 45000010005000000030009000050050017000140070005000310080043000360200018000790400022000970820029001191000033001482450167001812500012003482600080003603000027004404900028004677000030004957000028005257000035005538300028005880074DO-SdBNP20171109101257.00074151007b sp 1989 sp |||| |||| 00| 0 spa d a9788485252121 aBPMSUbspacBPMSU 4a371.9144 bF363d, 198910aFernández Baroja, Fernanda13aLa dislexia :borigen, diagnostico y recuperación /cFernanda Fernández Baroja, Ana María Llopis Paret, Carmen Pablo de Riego; prólogo Isabel Díaz Arnal a11a ed. aMadrid, España :bCiencias de la educación preescolar y especial,c1989 a214 p. :bil.,c24 cm.10aEducación especialv210aLlopis Paret, Ana María10aRiesgo, Carmen Pablo de10aDíaz Arnal, Isabel,epról.10aEducación especialn2